Statistics for Best Zoos in the world

Click here to take the quiz!

General Stats

  • This quiz has been taken 97 times
  • The average score is 5 of 25

Answer Stats

HintAnswer% Correct
1.USASan Diego
81%
3.SingaporeSingapore
67%
14.GermanyBerlin
54%
4.Czech republicPrague
54%
5.AustriaVienna
46%
25.AustraliaMelbourne
42%
22.NetherlandsAmsterdam
34%
9.USAMiami
27%
7.UKChester
20%
12.SpainValencia
18%
6.USAOmaha
16%
11.UKColchester
11%
8.USASt. Louis
11%
23.USAMemphis
6%
18.RussiaNovosibirsk
4%
19.AustraliaBeerwah
2%
21.UKBlackpool
2%
20.USAFort Wayne
2%
2.SpainPuerto de la Cruz
2%
10.FranceSaint-Aignan
2%
13.USACape May Court House
1%
16.USAColorado Springs
1%
24.BrazilGramado
1%
15.AustraliaMosman
1%
17.ThailandPattaya
1%

Score Distribution

Percentile by Number Answered

Percent of People with Each Score

Your Score History

You have not taken this quiz